Sports Quiz

Random Sports Quiz
Score 0/50 Timer 10:00
1 Play Today
Games Player % Correct
110Sergio Aguero
88.8%
221Joe Hart
88.3%
140Vincent Kompany
86.3%
103Jordan Henderson
86%
136David Silva
82%
168Gareth Barry
79.3%
134Roberto Firmino
76.2%
59Mohamed Salah
74.8%
76Sadio Mané
73.7%
152Yaya Toure
71.7%
67Kolo Toure
70.3%
70Daniel Sturridge
64%
111Ashley Young
63.2%
93Simon Mignolet
63%
55Luke Young
62.9%
138Pablo Zabaleta
61.5%
99Dejan Lovren
61.5%
115Edin Dzeko
57%
100Gabriel Agbonlahor
51.4%
91Nathaniel Clyne
48.2%
96Gael Clichy
47.7%
93Adam Lallana
47.3%
113Joleon Lescott
47.1%
67Fernandinho
45.9%
95Georginio Wijnaldum
45.2%
Games Player % Correct
101Shay Given
44%
72Philippe Coutinho
43.4%
111Aleksandar Kolarov
43.1%
68Alberto Moreno
43%
70Micah Richards
42.3%
69Joel Matip
40.2%
69Alan Smith
39.7%
69Adam Johnson
39.3%
75Stephen Carr
38.7%
63Carlos Tevez
34%
88Samir Nasri
33.1%
100Emre Can
25.6%
68Jesus Navas
25%
112Steven Taylor
24.5%
64John Carew
24.1%
86Stiliyan Petrov
21.8%
57Emile Heskey
20.8%
61Divock Origi
20.8%
83Brad Friedel
20.3%
59Martin Demichelis
14%
54Scott Parker
10.2%
91Nicky Butt
9.9%
79Charles N'Zogbia
7.5%
66Obafemi Martins
6.7%
79Carlos Cuellar
4.5%
Remove Ads.
Support Sporcle.
Get the best of Sporcle when you Go Orange. This ad-free experience offers more features, more stats, and more fun while also helping to support Sporcle. Thank you for becoming a member.

You're not logged in!

Compare scores with friends on all Sporcle quizzes.
OR
Log In

Show Comments

Extras

Created Dec 10, 2018ReportNominate
Tags:Frequent, Player, same, team, teammate

Top Quizzes Today


Score Distribution

Your Account Isn't Verified!

In order to create a playlist on Sporcle, you need to verify the email address you used during registration. Go to your Sporcle Settings to finish the process.

Report this User

Report this user for behavior that violates our Community Guidelines.

Details: